00601nam a2200205Ia 4500003000400000008004100004040001600045082001300061100002000074245007400094700002500168700002500193260005000218300001000268650002100278650001200299650002400311650003600335650002400371GCL140319s9999 xx 000 0 eng d aGCL / cGCL04a956bF S1 aTAYLOR, HEATHER10aTHE STRUGGLE FOR PEACE: ISRAELIS AND PALESTINIANS / cTAYLOR, HEATHER1 aFERNEA, ELIZALETH W.1 aHOCKING, MARY EVELYN a[S.N] : bUNIVERSITY OF TEXAS PRESS ، c1992 a341 P04aPALESTINAN ARABS04aHISTORY04aPALESTINE - HISTORY04aJEWISH - ARAB RELATIONS - 191704aISRAEL - INTERVIEWS